Carl Julius Adolph Hoffmann

Titel: Carl Julius Adolph Hoffmann : Musikdirektor, Musikschriftsteller und Komponist / Rudolf Walter
Verfasser:
Ausgabe: Sonderdr.
Veröffentlicht: Berlin : Mann, 1993
Umfang: S. 83 - 128 : Ill.
Format: Buch
Sprache: Deutsch
Kein Bild verfügbar
X
Lokale Klassifikation: 14 9 H ; 2 H 1661
alg: 30135140
001A    $03004:25-05-12 
001B    $01999:09-06-23 $t19:59:05.000 
001C    $03004:25-05-12 $t11:22:49.000 
001D    $03004:25-05-12 
001U    $0utf8 
001X    $00 
002@    $0Aay 
003@    $0301351406 
007A    $0301351406 $aHEB 
010@    $ager 
011@    $a1993 
021A    $aCarl Julius Adolph Hoffmann $dMusikdirektor, Musikschriftsteller und Komponist $hRudolf Walter 
028A    $#Kischke, Rudolf Walter $7117131407 $8Walter, Rudolf$Z1918-2009 [Tp1] $9150968574 
032@    $aSonderdr. 
033A    $pBerlin $nMann 
034D    $aS. 83 - 128 
034M    $aIll. 
045F    $a780.94385 $eDDC23BSB 
045F/01 $a780 
045F/03 $g4385 
046R    $aSonderdr. aus: Oberschlesisches Jahrbuch ; 9. 1993 

lok: 30135140 24
101B    $025-05-12 $t11:22:49.000 
101C    $025-05-12 
101U    $0utf8 
145Z/01 $a14 9 H 
145Z/02 $a2 H 1661 

exp: 30135140 24 1 #EPN
201B/01 $025-05-12 $t11:24:32.000 
201C/01 $025-05-12 
201U/01 $0utf8 
203@/01 $0643616551 
208@/01 $a25-05-12 $bz 
209A/01 $aMus S 490 $du $f050 $hMus S 490 $x00 
209C/01 $a12.02722 G $h12 02722 G 
209G/01 $a73016134 $x00 
220C/01 $asbl 
244Z/01 $#Hoffmann, Carl Julius Adolph $#Hoffmann, Karl Julius Adolf Hugo $#Hoffmann, Karl Julius Adolph Hugo $#Hoffmann, Karl Julius $#Hoffmann, C. J. A. $7143366734 $8--Tp1--Hoffmann, Carl Julius Adolf$Z1801-1843 $x01 $9230581498 
247C/01 $8358050-7 Marburg, Bibliothek des Herder-Instituts Marburg $9102600961
LEADER 00000cam a22000002c 4500
001 301351406
003 DE-603
005 20230609195905.0
007 tu
008 120525s1993 xx |||| | u00||u|ger c
035 |a (DE-599)HEB301351406 
040 |a DE-603  |b ger  |c DE-603  |d DE-603 
041 |a ger 
082 0 4 |8 1\u  |a 780.94385  |q DE-101  |2 23/BSB 
085 |8 1\u  |b 780 
085 |8 1\u  |z 2  |s 4385 
100 1 |a Walter, Rudolf  |d 1918-2009  |0 (DE-603)150968574  |0 (DE-588)117131407  |2 gnd 
245 0 0 |a Carl Julius Adolph Hoffmann  |b Musikdirektor, Musikschriftsteller und Komponist  |c Rudolf Walter 
250 |a Sonderdr. 
264 1 |a Berlin  |b Mann  |c 1993 
300 |a S. 83 - 128  |b Ill. 
500 |a Sonderdr. aus: Oberschlesisches Jahrbuch ; 9. 1993 
924 0 |9 Mb 50  |a (DE-603)643616551  |b DE-Mb50  |c HES  |d c  |g Mus S 490